00820 a2200169 45000010006000000050017000060080041000230030015000640400040000790800022001192450041001412640032001823000019002145050352002331000029005857000036006142816520260407155554.0260407a1981 arg spa dAR-UNSa-BCEJYS aAR-UNSa-BCEJYSbspacAR-UNSa-BCEJYS a657xContabilidad10aAspectos prácticos de contabilidad 1aBuenos Aires :bTesisc1981 a315 p.c23 cm. a1. El patrimonio - 2. Las cuentas - 3. La documentación - 4. Los registros principales - 5. Disponibilidad - 6. Créditos - 7. Inversiones - 8. Bienes de cambio - 9. Bienes de uso - 10. Bienes intangibles - 11. Deudas - 12. Capital - 13. Resultados acumulados - 14. Reservas - 15. Correcciones de errores u omisiones contables - 16. El balance 1 aLarocca, Norberto Genaro1 aFernández Durán, Elsa S. de